Norma Chilena Oficial NCh 331. Of97

Wedi'i Gadw mewn:
Manylion Llyfryddiaeth
Awdur Corfforaethol: Instituto Nacional de Normalización (Awdur)
Fformat: Llyfr
Iaith:Sbaeneg
Cyhoeddwyd: Santiago Instituto Nacional de Normalización 1997
Pynciau:
Tagiau: Ychwanegu Tag
Dim Tagiau, Byddwch y cyntaf i dagio'r cofnod hwn!

MARC

LEADER 00000nam a2200000 a 4500
001 UCN0166
003 CL-VaPUC
008 010316e19970000CL |||||||||||||||||spa|d
082 0 4 |a 667.6  |b INS  |2 21 
110 2 |a Instituto Nacional de Normalización  |e author  |9 455505 
245 1 0 |a Norma Chilena Oficial NCh 331. Of97 
246 1 0 |a Pinturas y productos afines - terminología 
246 1 0 |a Paints and related products - terminology 
300 |a 17 p 
942 |c BK 
945 |d 20010316 00:00:00  |a cmena 
260 |a Santiago  |b Instituto Nacional de Normalización  |c 1997 
650 0 |a Pinturas  |9 347968 
650 0 |a Materiales de construcción  |9 260197 
650 7 |a BARNICES  |2 CL-VaPUC  |9 444316 
650 0 |a Aditivos   |9 344454 
650 7 |a ESMALTES  |2 CL-VaPUC  |9 306223 
583 |a last modification  |c 20010316 00:00:00  |k Rodrigo Vera 
999 |c 294102  |d 294100 
952 |0 0  |1 0  |4 0  |6 667_600000000000000_INS_1997  |7 0  |8 X  |9 345958  |a BIBING  |b BIBING  |d 2019-11-20  |i 3565343  |o 667.6 INS 1997  |p 3565343  |r 2025-01-20  |w 2019-11-20  |y BK_X  |k CCL